00632nam a22001937a 4500003000200000005001700002008004100019020002200060050002200082100001800104245009900122260004400221300002600265504002000291650003800311650003500349650003400384700002000418020250414100237.0250412b xxu||||| |||| 00| 0 eng d a978-1-03-231881-3 aK 1375b.T73 2023 aTrakman, Leon acontemporary issues in finance and insolvency law, volume 1c Leon Trakman and Robert Walters  aThird Avenue, New YorkbRoutledgec2023 axv, 420 pages;c23cm. aIncludes index. aInsolvency—Law and legislation. aFinance—Law and legislation. aBankruptcy -- Commercial law. aWalters, Robert